Word Ladder: Happy New Year Quiz Stats

 Plays Quiz Updated Jan 1, 2018

Challenge
Share
Tweet
Embed
Score 0/27 Timer 03:00
1 Play Today
Clue 4-Letter Word % Correct
~ What a genie can grant ~~ WISH ~
98.2%
A hand with clenched fingersFIST
98%
Water-dwelling creatureFISH
97.1%
Where a beard is foundCHIN
95.7%
Nickel or dime, e.g.COIN
95.4%
Terminate employmentFIRE
95.2%
SkinnyTHIN
95%
~ Golfer's cry ~~ FORE ~
93.3%
~ 365 days ~~ YEAR ~
92.9%
Thin thread of metalWIRE
90.7%
Clean and tidyNEAT
89.6%
Showing good judgementWISE
89.4%
A sheet of aluminum FOIL
88.8%
~ Superlative of good ~~ BEST ~
88.3%
Clue 4-Letter Word % Correct
Something in a spiralCOIL
87.7%
A partyFEST
87%
DefeatBEAT
86.3%
Chat through cell phonesTEXT
85.4%
~ Referring to the one here ~~ THIS ~
85.2%
Ursine animalBEAR
85.2%
~ Subsequent ~~ NEXT ~
84.1%
Referring to the one thereTHAT
83.9%
____ GrasFOIE
83.7%
Where milk comes fromTEAT
83.5%
Sound of a heavy sack droppingTHUD
80.8%
ErgoTHUS
78.4%
Actor LuckinbillTHAD
74.6%

Today's Daily Dose

Missing Word
'F' Pairs

Word Ladder
Mixed Synonyms

On This Day
August 15th II

You're not logged in!

Compare scores with friends on all Sporcle quizzes.
Join for Free
OR
Log In

You Might Also Like...

Show Comments

Extras

Top Quizzes Today


Score Distribution

Your Account Isn't Verified!

In order to create a playlist on Sporcle, you need to verify the email address you used during registration. Go to your Sporcle Settings to finish the process.

Report this User

Report this user for behavior that violates our Community Guidelines.

Details: